Nommez un vainqueur du Tour de France de A à Z - Statistiques

Statistiques générales
  • Ce quiz a été pris 191 fois
  • Le résultat moyen est 13 sur 23
Statistiques - réponses
Vainqueurs % Correct
P Marco Pantani / Henri Pélissier / Oscar Pereiro / Lucien Petit-Breton / Roger Pingeon / Tadej Pogacar / René Pottier
94%
H Bernard Hinault
86%
F François Faber / Laurent Fignon / Nicolas Frantz / Christopher Froome
86%
V Lucien Van Impe / Jonas Vingegaard
85%
M Romain Maes / Sylvère Maes / Antonin Magne / Eddy Merckx
84%
C Alberto Contador / Fausto Coppi / Henri Cornet
83%
B Frederico Bahamontes / Gino Bartoli / Egan Bernal / Louison Bobet / Ottavio Bottecchia / Lucien Buysse
76%
T Bernard Thévenet / Geraint Thomas / Philippe Thys / Louis Trousselier
71%
A Lucien Aimar / Jacques Anquetil
70%
S Carlos Sastre / Andy Schleck / Léon Scieur / Georges Speicher
60%
I Miguel Indurain
58%
L Firmin Lambot / Roger Lapébie / Octave Lapize / André Leducq / Greg LeMond
56%
W Roger Walkowiak / Bradley Wiggins
52%
R Bjarne Riis / Jean Robic / Stephen Roche
49%
U Jan Ullrich
48%
E Cadel Evans
45%
N Gastone Nencini / Vincenzo Nibali
45%
Z Joop Zoetemelk
35%
O Luis Ocana
32%
G Maurice Garin / Gustave Garrigou / Charly Gaul / Felice Gimondi
32%
D Maurice De Waele / Odile Defraye / Pedro Delgado
29%
K Hugo Koblet / Ferdi Kübler
21%
J Jan Janssen
14%
Aucun quiz correspondant
Distribution des résultats
% des personnes avec chaque résultat
Percentile par nombre de réponses
Votre historique - résultats
Vous n’avez pas pris ce quiz